000 00670cam a2200217 4500
001 B3343
008 090401t1990 xxu||||| |||| 00| 0 eng d
035 _a(Sirsi) u55485
041 _aeng
050 _a692.8
090 _aJCT 1990/3AC
110 _aJoint Contracts Tribunal
_93664
245 _aStandard form of building contract with contractor`s design 1981 edition ... amendment 6 and guidance notes issued November 1990
260 _aLondon
_bRIBA Publications Ltd
_c1990
300 _a8p. ; 30cm.
350 _a0.4
650 _aCONTRACTORS DESIGN
650 _aJCT STANDARD FORM OF CONTRACT WITH CONTRACTORS DESIGN
942 _n0
948 _c04/03/1997
999 _c93617
_d93617